LIBRARY & INFORMATION CENTRE, KCAET, TAVANUR

ONLINE PUBLIC ACCESS CATALOGUE (OPAC)

Pesticide application methods / (Record no. 13578)

MARC details
000 -LEADER
fixed length control field 00356cam a2200145ua 4500
041 ## - LANGUAGE CODE
Language code of text/sound track or separate title eng
082 ## - DEWEY DECIMAL CLASSIFICATION NUMBER
Classification number 632.94
Item number
100 ## - MAIN ENTRY--AUTHOR NAME
Personal name Matthews, G.A. .
245 ## - TITLE STATEMENT
Title Pesticide application methods /
250 ## - EDITION STATEMENT
Edition statement 1 /
260 ## - PUBLICATION, DISTRIBUTION, ETC. (IMPRINT)
Place of publication London :
Name of publisher Longman ,
Year of publication 1979.
300 ## - PHYSICAL DESCRIPTION
Number of Pages 336 ; .
Holdings
Withdrawn status Lost status Damaged status Home library Current library Shelving location Date acquired Full call number Accession Number Koha item type
      KAUAET KAUAET General Stacks 11/01/2021 632.94 16253 Books
free website counter